Loading...
| Fine Arts - Visual | 0 | 7 | 1 | 1 | 65 | 57 | 72.14 | 2 | 5 | 0.00 | 0.00 |
| Mythology | 0 | 4 | 0 | 2 | 40 | 79 | 99.75 | 1 | 1 | 0.00 | 0.00 |
| Fine Arts - Classical Music | 0 | 4 | 0 | 1 | 40 | 13 | 58.50 | 2 | 3 | 0.00 | 0.00 |
| History - European | 0 | 4 | 1 | 0 | 35 | 42 | 74.75 | 1 | 3 | 0.00 | 0.00 |
| Religion | 0 | 3 | 1 | 0 | 25 | 98 | 109.33 | 0 | 1 | 0.00 | 0.00 |
| History - American | 0 | 2 | 0 | 0 | 20 | 53 | 81.00 | 0 | 1 | 0.00 | 0.00 |
| History - Other | 0 | 2 | 1 | 0 | 15 | 38 | 57.50 | 1 | 1 | 0.00 | 0.00 |
| Fine Arts - Other | 0 | 3 | 3 | 1 | 15 | 60 | 107.67 | 1 | 1 | 0.00 | 0.00 |
| History - World | 0 | 1 | 0 | 1 | 10 | 135 | 135.00 | 0 | 0 | 0.00 | 0.00 |
| Literature - British | 0 | 1 | 0 | 0 | 10 | 62 | 62.00 | 0 | 1 | 0.00 | 0.00 |
| Other Academic | 0 | 1 | 0 | 0 | 10 | 41 | 41.00 | 1 | 1 | 0.00 | 0.00 |
| Philosophy | 0 | 1 | 0 | 0 | 10 | 88 | 88.00 | 0 | 1 | 0.00 | 0.00 |
| Geography/Current Events | 0 | 1 | 2 | 0 | 0 | 107 | 107.00 | 0 | 0 | 0.00 | 0.00 |
| Science - Other | 0 | 0 | 1 | 0 | -5 | 0.00 | 0 | 0 | 0.00 | 0.00 |